| 000 | 01082nam a2200265Ia 4500 | ||
|---|---|---|---|
| 001 | 20447 | ||
| 003 | GE_BSU | ||
| 008 | 181216s||||||||xx |||||||||||||| ||und|| | ||
| 040 | _cGE_BSU | ||
| 080 | _a811.353.1-8(075.3) | ||
| 100 | _aრამიშვილი, ვალ. | ||
| 245 | _aქართული ენა : მართლწერა და მეტყველების განვითარება. | ||
| 245 | _bპირველი კლასის სახელმძღვ | ||
| 245 | _cრედ. ე. პოლოლიკაშვილი. მხ. შ. ცხადაძე | ||
| 250 | _aმე-4 გამოც. | ||
| 260 | _aთბილისი | ||
| 260 | _bცოდნა | ||
| 260 | _c1965 | ||
| 300 | _a59გვ. : ილ. ; 21სმ. | ||
| 541 | _h6 თ. | ||
| 653 | _aმართლწერა და მეტყველების განვითარება. | ||
| 653 | _aპირველი კლასის სახელმძღვ | ||
| 653 | _aქართული ენა | ||
| 942 | _cBK | ||
| 999 |
_c53404 _d53404 |
||